| 000 | 01366nma a22002177a 4500 | ||
|---|---|---|---|
| 005 | 20210325190625.0 | ||
| 006 | g q || | ||
| 008 | s2545 th tha d | ||
| 041 | _atha | ||
| 090 | _aCD327 | ||
| 245 | 1 | 0 | _aสรุปสาระสำคัญพระราชบัญญัติประกันสังคม พ.ศ. 2533 แก้ไขเพิ่มเติมพระราชบัญญัติประกันสังคม (ฉบับที่ 2) พ.ศ. 2537 (ฉบับที่ 3) พ.ศ. 2542 และวิธีปฏิบัติเกี่ยวกับการส่งเงินสมทบของส่วนราชการ [CD-ROM] |
| 260 | 3 |
_aกรุงเทพฯ : _bกระทรวงแรงงานและสวัสดิการสังคม, _c2545 |
|
| 300 | _a1 แผ่นColour | ||
| 650 | 0 | 4 | _aประกันสังคม -- กฎหมายและระเบียบข้อบังคับ |
| 650 | 0 | 4 | _aพระราชบัญญัติประกันสังคม -- ฉบับที่ 2 -- 2537 |
| 650 | 0 | 4 | _aพระราชบัญญัติประกันสังคม -- ฉบับที่ 3 -- 2542 |
| 850 | _aNALT | ||
| 942 | _cCD | ||
| 997 |
_c000000000025982 _kVC |
||
| 998 | _aSOPAPORN | ||
| 999 |
_c25982 _d25982 |
||